00619nam a22002057a 4500003000900000008004100009040007100050082002300121100001900144245004100163260005700204300004500261440002600306505001300332650001300345650001300358650001600371650001400387650001200401AR-CdUCM190226b ||||| |||| 00| 0 spa d aMUNICIPALIDAD PROVINCIAL DEL CUSCOcBIBLIOTECA MUNICIPAL DEL CUSCO 22da /a935 / bM86 aMorán, Pablo aBobby Fisher :bSu vida y partidas / aEspaña :bEdiciones Martinez Rica, S. A. ;c1972. a255 páginas bcódigos, tablas c20cm aColección Escaques  aAjedrez  aajedrez  apartidas atécnicas  apartidas  aguía